00940cam a22002774a 45000010005000000030006000050050017000110080041000280100017000690200015000860200018001010200018001190400023001370500015001600820011001751000025001862450085002112600038002963000058003345050007003925200156003995210022005555210018005776500033005957000034006286758FISKH20250828101409.0040810s2006 maua j 000 0 eng  a 2004018288 a0618563075 a9780545265027 a9780618563074 aDLCcDLCdDLCbeng aTJ181 .P77 a621.8 1 aPrince, April Jones.10aWhat do wheels do all day? /cApril Jones Prince ; illustrated by Giles Laroche. aNew York : bScholastic, c2006.  a32 unnumbered pages : bcolor illustrations ;c 23 cm aE  aPresents the wide variety of wheels, including the many types of vehicles they are used on, what they do, the sounds they make, and who they transport.8 a240 bLexile AD 8 aE bRaz-Plus  0aWheelsxJuvenile literature.1 aLaroche, Giles.eillustrator